=LDR 00000nam 2200000 4500 =001 INLIS000000000008553 =005 20130612100415 =008 ***********************************Ind** =035 ##$$0010-061300000008553 =041 ##$$a Ind =082 ##$$a 372.6 =090 ##$$a 372.6, Luk p =100 ##$$a Lukman =245 ##$$a Pelajaran Bahasa Indonesia 6B, LUkman, BA =260 ##$$a 2001 $b Jakarta =300 ##$$a 96 hlm, 28 cm =650 ##$$a Bhs Indonesia =850 ##$$a NBPNMAT